| 000 | 00546cam a22002051 4500 | ||
|---|---|---|---|
| 001 | af 49001019 | ||
| 003 | DLC | ||
| 005 | 20260227110918.0 | ||
| 008 | 890512q19401949be 000 1 dut c | ||
| 010 | _aaf 49001019 | ||
| 035 | _a(OCoLC)19703179 | ||
| 040 |
_aCalifornia. Univ. Libr. _cCU _dDLC |
||
| 042 | _apremarc | ||
| 050 | 0 | 0 |
_aPT2629.M6 _bB52 |
| 100 | 1 | _aOmm, Pieter. | |
| 245 | 1 | 4 |
_aDe blauwe Boeddha, _broman. |
| 260 |
_aAntwerpen, _bUitgeverij Westernis _c[194-] |
||
| 300 |
_a160 p. _c18 cm. |
||
| 440 | 0 |
_aDe Briljant uitgave, _vnr. 28 |
|
| 999 |
_c6814 _d6814 |
||